The South African dream (Record no. 36318)

MARC details
000 -LEADER
fixed length control field 00483nam a2200181Ia 4500
020 ## - INTERNATIONAL STANDARD BOOK NUMBER
ISBN 9781868722358
050 ## - CALL MARK
Classification number HN 801.A8 .H86/
100 ## - STATEMENT OF RESPONSIBILITY--MAIN AUTHOR NAME
Personal name Hunt, John.
245 #4 - TITLE STATEMENT
Title The South African dream
260 ## - PUBLICATION, DISTRIBUTION, ETC. (IMPRINT)
Place of publication South Africa
260 ## - PUBLICATION, DISTRIBUTION, ETC. (IMPRINT)
Name of publisher Zebra Press
260 ## - PUBLICATION, DISTRIBUTION, ETC. (IMPRINT)
Year of publication 1998
300 ## - PHYSICAL DESCRIPTION
Number of Pages 244 p
650 ## - SUBJECT ADDED ENTRY--TOPICAL TERM
Topical Term South Africa--Social conditions--1994- South Africa--Economic conditions--1991-
942 ## - ADDED ENTRY ELEMENTS (KOHA)
Koha item type Books
Holdings
Withdrawn status Lost status Source of classification or shelving scheme Damaged status Not for loan Permanent Location Current Location Date acquired Accession Number Price effective from Koha item type
    Library of Congress Classification     NILE UNIVERSITY OF NIGERIA - MAIN LIBRARY NILE UNIVERSITY OF NIGERIA - MAIN LIBRARY 04/23/2025 0194515 04/23/2025 Books